00857nam a22002414a 45000050016000000100017000160200026000330350017000590350017000760370026000930820014001191000027001332450067001602600044002272700056002713000031003275040050003586500039004086500032004476500059004796500035005386500042005732010072901301.0 aB-406895-909 a9788170005629c875.00 aB-406895-909 aB-409771-783 bEss Ess Publications  a027.70973 aWoodward, Jeannette A. aCreating the customer-driven library /cby Jeannette Woodward aNew Delhi bEss Ess Publications c2009 a4837/24, Ansari Road, DaryaganjbNew Delhi e110002 axviii, 234 p. c23 cm(Hb)  aIncludes bibliographical references and index aAcademic librarieszUnited States. aPublic services (Libraries) aAcademic librariesxSpace utilizationxSocial aspects. aAcademic librariesxMarketing. aAcademic librariesxPublic relations.